Szczegóły MARC21

Technologia transportu kolejowego /

003 -Nazwa inst., której nr kontr. jest w polu 001 [,]
    • @
    • Nazwa instytucji, której n kontrolny jest w polu 001
    • NUKAT
005 -DATA I CZAS OSTATNIEJ MODYFIKACJI [,]
    • @
    • pole kontrolne
    • 20241231093517.0
040 -Instytucja sporządzająca opis [ , ]
    • a
    • Instytucja, która sporządziła opis (NP)
    • KIEL 008/JK
    • c
    • Instytucja, która sporządziła rekord (NP)
    • KIEL 008/JKs
942 -Rodzaj dokumentu [ , ]
    • c
    • Rodzaj dokumentu
    • Książka
100 -Hasło główne - nazwa osobowa [1, ]
    • a
    • Nazwa osobowa (NP)
    • Chwesiuk, Krzysztof
    • d
    • Daty biograficzne (NP)
    • (1949-2013).
    • 9
    • KHW
    • 40785
245 -Strefa tytułu i oznaczenia odpowiedzialności [1,0]
    • a
    • Tytuł
    • Technologia transportu kolejowego / Find
    • c
    • Pozostałe elementy strefy tytułu i oznaczenia odpowiedzialności (NP)
    • Krzysztof Chwesiuk, Paweł Zalewski ; Uniwersytet Szczeciński.
250 -Strefa wydania [ , ]
    • a
    • Oznaczenie wydania (NP)
    • Wyd. 2.
260 -Strefa adresu wydawniczego [ , ]
    • a
    • Miejsce wydania (P)
    • Szczecin :
    • b
    • Nazwa wydawcy (P)
    • Uniwersytet Szczeciński. Dział Wydawnictw,
    • c
    • Data wydania (P)
    • 1989.
300 -Strefa opisu fizycznego [ , ]
    • a
    • Określenie formy książki i/lub objętość (NP)
    • 313 s. :
    • b
    • Oznaczenie ilustracji (NP)
    • il. ;
    • c
    • Format (NP)
    • 24 cm.
336 -Typ zawartości [ , ]
    • a
    • Termin opisujący typ zawartości
    • Tekst
    • b
    • Kod określający zawartość
    • txt
    • 2
    • Źródło (terminu i kodu)
    • rdacontent
337 -Typ mediów [ , ]
    • a
    • Tryb odtwarzania
    • Bez urządzenia pośredniczącego
    • b
    • Kod typu mediów
    • n
    • 2
    • Źródło (terminu i kodu)
    • rdamedia
338 -Typ/rodzaj nośnika [ , ]
    • a
    • Hasło opisujące typ nośnika
    • Wolumin
    • b
    • Kod typu nośnika
    • nc
    • 2
    • Źródło (terminu i kodu)
    • rdacarrier
504 -Uwaga dot. bibliogr. załącznikowej [ , ]
    • a
    • Uwaga dot. bibliografii załącznikowej
    • Bibliogr. s. 313.
080 -Uniwersalna Klasyfikacja Dziesiętna [ , ]
    • a
    • Symbol klasyfikacji
    • 656.2(075.8)
080 -Uniwersalna Klasyfikacja Dziesiętna [ , ]
    • a
    • Symbol klasyfikacji
    • :629.4(075.8)
650 -Hasło przedmiotowe [ ,7]
    • a
    • Hasło przedmiotowe
    • Transport kolejowy
    • v
    • Określnik formalny
    • podręczniki akademickie.
    • 2
    • Źródło terminu
    • kaba
    • 9
    • KHW
    • 465620
650 -Hasło przedmiotowe [ ,7]
    • a
    • Hasło przedmiotowe
    • Transport kolejowy
    • x
    • Określnik rzeczowy
    • aparatura i sprzęt
    • v
    • Określnik formalny
    • podręczniki akademickie.
    • 2
    • Źródło terminu
    • kaba
    • 9
    • KHW
    • 569783
650 -Hasło przedmiotowe [ ,7]
    • a
    • Hasło przedmiotowe
    • Transport kolejowy towarów
    • v
    • Określnik formalny
    • podręczniki akademickie.
    • 2
    • Źródło terminu
    • kaba
    • 9
    • KHW
    • 588266
650 -Hasło przedmiotowe [ ,7]
    • a
    • Hasło przedmiotowe
    • Koleje
    • x
    • Określnik rzeczowy
    • przewóz pasażerów
    • v
    • Określnik formalny
    • podręczniki akademickie.
    • 2
    • Źródło terminu
    • kaba
    • 9
    • KHW
    • 478986
980 -Symbol UKD [ , ]
    • a
    • UKD
    • 656.2:629.4](075.8)
700 -Hasło dodatkowe - nazwa osobowa [1, ]
    • a
    • Nazwa osobowa (NP)
    • Zalewski, Paweł Find
    • d
    • Daty biograficzne (NP)
    • (1939-2005).
    • 9
    • KHW
    • 18814
710 -Hasło dodatkowe - nazwa ciała zbiorowego [2, ]
    • a
    • Nazwa ciała zbiorowego lub nazwa geograficzna jako pierwszy element (NP)
    • Uniwersytet Szczeciński.
    • b
    • Nazwa jednostki podrzędnej (P)
    • Wydawnictwo Naukowe.
    • 4
    • Kod relacji
    • pbl
    • 9
    • KHW
    • 51208
Status udost. Numer inwentarzowy Sygnatura Lokalizacja Data inwentaryzacji
-2E.62896 BE1995-10-19
-11TS.73665 T1995-10-19
-11TS.73667 T1995-10-19
-11TS.73668 T1995-10-19
-11TS.73666 T1995-10-19
-3TS.67505 T1995-10-19
-3TS.67506 T1995-10-19
-3TS.67507 T1995-10-19
-3TS.67508 T1995-10-19
-3TS.67509 T1995-10-19
-3TS.67510 T1995-10-19
-3TS.67511 T1995-10-19
-3TS.67512 T1995-10-19
-3TS.67513 T1995-10-19
-3TS.67514 T1995-10-19
-3TS.68366 T1995-10-19
-3TS.68367 T1995-10-19
-3TS.68369 T1995-10-19
-3TS.68368 T1995-10-19
-3TS.68370 T1995-10-19
-3TS.68371 T1995-10-19
-3TS.68372 T1995-10-19
-3TS.68373 T1995-10-19
-3TS.68374 T1995-10-19
-3TS.68375 T1995-10-19
-3TS.68376 T1995-10-19
-3TS.71969 T1995-10-19
-3TS.71970 T1995-10-19
-3TS.71971 T1995-10-19
-3TS.77668TS.77668T1995-10-19
-6TS.78848 T1996-09-17
-6TS.78849 T1996-09-17